000 03396nam0a22004811 4500
001 RU\NLR\A1SV\30686
005 20260406131235.0
035 _a(NLR Aleph) 009714586
090 _a9849460
_c9849460
100 _a20110709d1922 u y0rusy50 ca
101 0 _arus
_ceng
102 _aRU
105 _ay z 000yy
200 1 _aСто процентов
_eИстория одного патриота
_e[Роман]
_fЭптон Синклер. Upton Sinclair
_gПер. Л.Гаусман, под ред. Д.М.Горфинкеля и К.И.Чуковского
210 _aПб.
_cГос. изд.
_d1922
215 _a307 с.
_d18 см
225 1 _aВсемирная литература
300 _aНа шмуцтит. загл. также на англ. яз.: 100%. Story of a patriot
300 _aНа обл. сер.: Новости иностр. лит.
451 1 _1001RU\NLR\A1SV\30687
_99849466
_aСинклер, Э.Б. (1878-1968)
_cМ.
_d1922
_nМоск. рабочий
_o(100%) : История америк. патриота
_p230 с.
_tСто процентов
451 1 _1001RU\NLR\A1SV\30688
_99849472
_aСинклер, Э.Б. (1878-1968)
_cМ.
_d1923
_fЭптон Синклер. Upton Sinclair
_nГос. изд.
_oИстория одного патриота : [Роман]
_p315 с.
_tСто процентов
451 1 _1001RU\NLR\A1SV\30689
_99849476
_aСинклер, Э.Б. (1878-1968)
_cМ.
_d1924
_fУптон Синклер
_nТруд и книга
_oРоман
_p293 с.
_tСто процентов
451 1 _1001RU\NLR\A1SV\30690
_99849480
_aСинклер, Э.Б. (1878-1968)
_cМ.
_d1924
_fУптон Синклер
_nТруд и книга
_oРоман
_p293 с.
_tСто процентов
451 1 _1001RU\NLR\A1SV\30691
_99849486
_aСинклер, Э. Б. (1878-1968)
_cМ.
_d1924
_e2-е изд.
_fЭптон Синклер. Upton Sinclair
_nГос. изд.
_oИстория одного патриота : [Роман]
_p316 с.
_tСто процентов
451 1 _1001RU\NLR\A1SV\30692
_99849492
_aСинклер, Э.Б. (1878-1968)
_cЛ.
_d1925
_fЭптон Синклер
_nМысль
_oРоман
_p293 с.
_tСто процентов
451 1 _1001RU\NLR\A1SV\30693
_99849496
_aСинклер, Э.Б. (1878-1968)
_cЛ.
_d1925
_fЭптон Синклер
_nМысль
_oРоман
_p293 с.
_tСто процентов
451 1 _1001RU\NLR\A1SV\30694
_99849501
_aСинклер, Э.Б. (1878-1968)
_cМ.
_d1926
_fУптон Синклер
_nИзд-во ВЦСПС
_o(История одного патриота) : Роман в сокр. по переводу с англ.
_p160, [3] с.
_tСто процентов
620 _dСанкт-Петербург
700 1 _8rus
_7ca
_aСинклер
_bЭ. Б.
_gЭптон Билл
_f1878-1968
_3RU\NLR\AUTH\7745462
_928400
702 1 _aГаусман
_bЛ.М.
_gЛидия Моисеевна
702 1 _4340
_8rus
_7ca
_aГорфинкель
_bД. М.
_f1889-1966
_gДаниил Михайлович
_3RU\NLR\AUTH\7761327
_944257
702 1 _4340
_8rus
_7ca
_aЧуковский
_bК. И.
_f1882-1969
_gКорней Иванович
_3RU\NLR\AUTH\771522
_9111544
790 1 _6z01700
_aSinclair
_bU.
_gUpton
801 0 _aRU
_bNLR
_c20110709
852 _aNLR
_j17.147.6.10
899 _aРГБ
899 _aСПбГУ
899 _aКирОУНБ
942 _cBOOK
980 _aNB
980 _aCHUKOVSKY
980 _aA1SV